Countries of the Danube Quiz Stats

 Plays Quiz Updated Mar 29, 2019

Score 0/20 Timer 03:00
3 Plays Today
Countries % Correct
Germany
98.1%
Austria
95.5%
Hungary
91.6%
Czechia
89.4%
Slovakia
89.2%
Poland
87.8%
Romania
87.7%
Serbia
85.5%
Slovenia
84%
Switzerland
83.4%
Countries % Correct
Croatia
82.8%
Bulgaria
82%
Italy
81.2%
Ukraine
79.4%
Bosnia and Herzegovina
72.9%
North Macedonia
72.2%
Albania
70.8%
Montenegro
69.8%
Moldova
68%
Kosovo
47.4%

You're not logged in!

Compare scores with friends on all Sporcle quizzes.
OR
Log In

Sporcle TV

Today on Sporcle TV


Watch our educational content, quiz creation guides, and fun videos on Sporcle TV.

Show Comments

Extras

Top Quizzes Today


Score Distribution

Your Account Isn't Verified!

In order to create a playlist on Sporcle, you need to verify the email address you used during registration. Go to your Sporcle Settings to finish the process.

Report this User

Report this user for behavior that violates our Community Guidelines.

Details: